000 00735nam a2200241Ia 4500
003 OSt
005 20220918230458.0
006 a|||||r|||| 00| 0
007 ta
008 220917b |||||||| |||| 00| 0 eng d
024 _a254,031
037 _cTextual
040 _aARTS
_cARTS
_beng
041 _2eng
_aeng
082 _aV58:196.N7, M0;1
100 _aTarabin E. A. Ed.
_9152701
245 0 _aUSSR and countries of Africa
_b Friendship, cooperartion, support for the anti-imperialist struggle ed. by E A Tarabin
260 _aMoscow
_bProgress Publications
_c1980
300 _a320p.
_ccm.
650 _aHISTORY
942 _hV58:196.N7, M0;1
_cTEXL
_2CC
999 _c288153
_d288153